| 000 | 00560nas a2200193 4500 | ||
|---|---|---|---|
| 001 | 000037303 | ||
| 003 | DLC | ||
| 005 | 20240830122510.0 | ||
| 008 | 120322c20109999dr br1p d 0 0spa d | ||
| 040 |
_aDO-SdBNP _bspa _cBNPHU |
||
| 043 | _anwdr | ||
| 245 | 0 | 0 |
_aLoterÃa : _brevista cultural. |
| 260 |
_aSanto Domingo : _bLoteria Nacional de Beneficencia, _c2010. |
||
| 300 |
_av. : _bil. ; _c23 cm. |
||
| 310 | _aBimestral | ||
| 362 | _aNo. 491 (julio - agosto 2010) | ||
| 500 | _aCatalogación basada en : no. 491 (julio - agosto 2010) | ||
| 942 |
_2ddc _cISSUE |
||
| 999 |
_c36793 _d36793 |
||